000 00286nam a22001337a 4500
008 170612b xxu||||| |||| 00| 0 eng d
020 _a0801830303
041 _aeng
080 _a94(7/8)
100 _a17
101 _aSHH
245 _aACADEMIC STRATEGY
_cKELLER,G
942 _2udc
_cBK
999 _c17010
_d17010